Extraño mundo del amanecer : (Запис № 494668)
[ простий вигляд ]
| 000 -LEADER | |
|---|---|
| fixed length control field | 01609cam a2200325Li 4500 |
| 001 - CONTROL NUMBER | |
| control field | extraomundodel00esco |
| 003 - CONTROL NUMBER IDENTIFIER | |
| control field | CaSfIA |
| 005 - DATE AND TIME OF LATEST TRANSACTION | |
| control field | 20210118082226.0 |
| 007 - PHYSICAL DESCRIPTION FIXED FIELD--GENERAL INFORMATION | |
| fixed length control field | cr|||| |
| 008 - FIXED-LENGTH DATA ELEMENTS--GENERAL INFORMATION | |
| fixed length control field | 720101s1970 es 000 0 spa d |
| 040 ## - CATALOGING SOURCE | |
| Original cataloging agency | BDF |
| Language of cataloging | fre |
| Transcribing agency | BDF |
| Modifying agency | CaSfIA |
| 015 ## - NATIONAL BIBLIOGRAPHY NUMBER | |
| National bibliography number | 57107467 |
| Source | bnf |
| 016 7# - NATIONAL BIBLIOGRAPHIC AGENCY CONTROL NUMBER | |
| Record control number | FRBNF352232750000000 |
| Source | FrPBN |
| 035 ## - SYSTEM CONTROL NUMBER | |
| System control number | (OCoLC)463208101 |
| 100 1# - MAIN ENTRY--PERSONAL NAME | |
| Personal name | Escobar Galindo, David, |
| Dates associated with a name | 1943-.... |
| Relator code | aut |
| 245 10 - TITLE STATEMENT | |
| Title | Extraño mundo del amanecer : |
| Medium | [electronic resource] |
| Remainder of title | Portada de Antonio Flores Hernández. |
| 260 ## - PUBLICATION, DISTRIBUTION, ETC. (IMPRINT) | |
| Place of publication, distribution, etc | San Salvador : |
| Name of publisher, distributor, etc | Ministerio de educación, Dirección general de cultura, Dirección de publicaciones, |
| Date of publication, distribution, etc | 1970. |
| 300 ## - PHYSICAL DESCRIPTION | |
| Extent | 18 cm, 83 p., couv. ill. |
| 490 0# - SERIES STATEMENT | |
| Series statement | Nuevapalabra, Poesía ; |
| Том/ позначення послідовності | 1 |
| 506 ## - RESTRICTIONS ON ACCESS NOTE | |
| Standardized terminology for access restriction | Необхідна авторизація на https://archive.org/ (створення облікового запису безкоштовно) |
| 506 ## - RESTRICTIONS ON ACCESS NOTE | |
| Standardized terminology for access restriction | Необхідна авторизація на https://openlibrary.org/ (створення облікового запису безкоштовно) |
| 760 0# - MAIN SERIES ENTRY | |
| Title | Nuevapalabra (Dirección general de cultura) |
| Relationship information | 1 |
| Record control number | (FrPBN)34258810 |
| 856 42 - ELECTRONIC LOCATION AND ACCESS | |
| Materials specified | Notice et cote du catalogue de la Bibliothèque nationale de France |
| Uniform Resource Identifier | <a href="http://catalogue.bnf.fr/ark:/12148/cb352232750">http://catalogue.bnf.fr/ark:/12148/cb352232750</a> |
| 856 41 - ELECTRONIC LOCATION AND ACCESS | |
| Uniform Resource Identifier | <a href="http://www.archive.org/details/extraomundodel00esco">http://www.archive.org/details/extraomundodel00esco</a> |
| Public note | Free eBook from the Internet Archive |
| 886 1# - FOREIGN MARC INFORMATION FIELD | |
| 2 | intermrc |
| a | 009 |
| b | ax-x--------------- |
| 886 2# - FOREIGN MARC INFORMATION FIELD | |
| 2 | intermrc |
| a | 917 |
| b | -- |
| o | OPL |
| a | 009975167 |
| 886 2# - FOREIGN MARC INFORMATION FIELD | |
| 2 | intermrc |
| a | 918 |
| b | -- |
| o | OPL |
| a | 00011385 |
| b | MON005 |
| 886 2# - FOREIGN MARC INFORMATION FIELD | |
| 2 | intermrc |
| a | 919 |
| b | -- |
| p | FR |
| o | NCG |
| a | H0204420000 |
| 942 ## - ADDED ENTRY ELEMENTS (KOHA) | |
| Koha item type | ЕКнига |
Немає доступних примірників.